Ako sa žije skladateľovi v Katalánsku

Bibliographic Details
Main Author: Faltus, Robert 1973- (Author, Interviewer)
Format: Article
Language:Slovak
Subjects:

MARC

LEADER 00000nab a2200000 a 4500
001 vtls008996553
003 SK-MaSNL
005 20260304144702.0
008 250505c2007 xo zr|p|||||||000 b|slo
015 |a SNBRB2007/06  |2 snkbucl 
035 |a (uuid)d726df65-7849-4773-8c06-00bd016f421b 
035 |a urn:nbn:sk:snk-ab21qt 
035 |a (urnnbn)urn:nbn:sk:snk:ar-a01f0y 
038 |a SNKBUCL 
040 |a SNKBUCL  |b slo  |c SNKBUCL  |e AACR2 
041 0 |a slo 
044 |a xo  |c SK 
080 |a 78.071.1  |2 2001 
100 1 |a Faltus, Robert  |d 1973-  |4 ivr  |4 aut  |9 669583 
245 1 0 |a Ako sa žije skladateľovi v Katalánsku  |c pripravil Robert Faltus 
300 |b Fotogr. 
600 1 7 |a Rodríguez Picó, Jesús  |2 snkbucl  |9 1466484 
655 7 |a rozhovory  |2 snkbucl  |9 31831 
700 1 |a Rodríguez Picó, Jesús  |4 ive  |9 1466484 
773 0 |t Hudobný život  |g Roč. XXXIX, č. 4 (2007), s. 27  |x 1335-4140 
850 |a Slovenská národná knižnica 
852 |a Slovenská národná knižnica 
954 |a odborná, vedecká literatúra pôvodná (slovenská)  |2 lita 
958 |a article27 
958 |a OND 
958 |a ES 
958 |a EUIPO 
999 |c 2932621  |d 2934551